| 000 | 01260nac a22003011u 4500 | ||
|---|---|---|---|
| 003 | EG-ScBUE | ||
| 005 | 20220406112938.0 | ||
| 008 | 120308s1971 ua f 000 11 ara d | ||
| 017 | _a971/3696 | ||
| 040 |
_aEG-ScBUE _bara _erda _cEG-ScBUE _dEG-ScBUE |
||
| 041 | 1 |
_aara _hsrp |
|
| 082 | 0 | 4 |
_a891.823 _bس ل ي _222 |
| 100 | 1 |
_aسليموفيتش، ميشا، _eمؤلف. _929297 |
|
| 245 | 1 | 2 |
_aالدرويش والموت / _cتأليف ميشا سليموفيتش ؛ ترجمة الدكتور حسين عبد اللطيف، أحمد سمايلوفيتش. |
| 264 | 1 |
_aالقاهرة : _bالهيئة المصرية العامة للتأليف والنشر، _c1971. |
|
| 300 |
_a477 صفحة ؛ _c24 سم |
||
| 336 |
_2rdacontent _aنص _btxt |
||
| 337 |
_2rdamedia _aبدون وسيط _bn |
||
| 338 |
_2rdacarrier _aمجلد _bnc |
||
| 546 | _aالنص باللغة العربية وتم ترجمته من اللغة الصربية. | ||
| 650 | 7 |
_aالقصص اليوغوسلافية _y20th century. _929300 _2BUEsh |
|
| 651 | _2BUEsh | ||
| 653 |
_bGGEN _cApril2022 |
||
| 655 |
_vReading book _934232 |
||
| 700 | 1 |
_aعبد اللطيف، حسين، _eمترجم. _929298 |
|
| 700 | 1 |
_aسمايلوفيتش، أحمد، _eمترجم. _929299 |
|
| 942 |
_cBB _2ddc |
||
| 999 |
_c7125 _d7125 |
||